Mediaȯ̂ em direito de faml̕ia Aspectos Jurd̕icos e Psicolg̤icos /

Detalles Bibliográficos
Autor principal: Goldberg, Flavio
Formato: eBook
Lenguaje:portugués
Publicado: San Pablo: Editora Foco, 2018
Materias:
Acceso en línea:Acceso restringido

MARC

LEADER 00000nam a22000007a 4500
005 2021091002382.0
007 cr|||| ||||
008 210910s2018 br |||||s|||| 00||0 por d
020 |a 978-85-8242-266-3 
035 |a 35179 
040 |a vLex 
090 |c 12403  |d 12403 
100 1 |a Goldberg, Flavio 
245 1 0 |a Mediaȯ̂ em direito de faml̕ia  |h [Recurso electrn̤ico] :  |b Aspectos Jurd̕icos e Psicolg̤icos /  |c Flavio Goldberg 
256 |a Servicio en ln̕ea 
260 |a San Pablo:  |b Editora Foco,  |c 2018 
300 |a 1 recurso electrn̤ico 
506 1 |a Disponible solo en los productos indicados  |d vLex Global  |d vLex Global (Academic Edition, excluding Law Schools)  |d vLex Global (U.S. Academic Edition, Law Schools)  |d vLex Global (U.S. Academic Edition, excluding Law Schools)  |d vLex Global (Academic Edition, Law Schools) 
650 0 4 |a Derecho Civil  |z Brasil 
740 0 |a vLex Libros (Servicio en ln̕ea) 
856 4 0 |u https://app.vlex.com/#/sources/35179  |z Acceso restringido 
942 |c BOOK 
999 0 |a Civil Law